000 00585nam a2200241Ia 4500
003 OSt
005 20221005121142.0
006 a|||||r|||| 00| 0
007 ta
008 221004b |||||||| |||| 00| 0 eng d
024 _a54383
037 _cTextual
040 _aCRL
_cCRL
_beng
041 _2eng
_aeng
082 _aR65:6:9, H71
100 _aGandhi M K
245 0 _aGita the mother, ed by Jag Parvesh Chander
250 _aEd 4
260 _c1947
650 _aPHILOSOPHY
942 _hR65:6:9, H71
_cTEXL
_2cc
999 _c1040275
_d1040275